[Event "Universiada"]
[Site "Evpatoria (Ukraine)"]
[Date "2007.06.07"]
[Round "1"]
[White "Sitnikov Anton (UKR)"]
[Black "Areshchenko Alexander (UKR)"]
[Result "0-1"]
[WhiteElo "2458"]
[BlackElo "2647"]
[PlyCount "82"]
[EventDate "2007.??.??"]
[Source "www.chesslib.no"]
[SourceDate "2004.05.04"]

1. e4 c5 2. Nf3 d6 3. d4 cxd4 4. Nxd4 Nf6 5. f3 e5 6. Bb5+ Nbd7 7. Nf5 d5 8. exd5 a6 9. Ba4 b5 10. Bb3 Nb6 11. Ne3 Bc5 12. Nc3 O-O 13. Qd3 b4 14. Na4 Nxa4 15. Bxa4 Bb7 16. Bd2 Qc7 17. O-O-O Rfd8 18. Qf5 Bd4 19. Rhe1 a5 20. Kb1 Bxd5 21. Nxd5 Nxd5 22. Bb3 Nb6 23. c3 bxc3 24. bxc3 a4 25. Qxf7+ Qxf7 26. Bxf7+ Kxf7 27. cxd4 Rab8 28. Ka1 Nc4 29. Bc1 Rxd4 30. Rxd4 exd4 31. Re4 Rd8 32. Kb1 a3 33. h4 Rd5 34. Ka1 Nd6 35. Rf4+ Ke6 36. Kb1 Nc4 37. Kc2 d3+ 38. Kd1 Rc5 39. Re4+ Kd5 40. Bf4 Rb5 41. Kc1 Rb2 0-1

[Event "Ch Bosnia & Herzegovina (team)"]
[Site "Vogosca (Bosnia & Herzegovina"]
[Date "2007.06.09"]
[Round "8"]
[White "Leventic Ivan (CRO)"]
[Black "Popovic Dusan (SCG)"]
[Result "1/2-1/2"]
[WhiteElo "2500"]
[BlackElo "2557"]
[PlyCount "33"]
[EventDate "2007.??.??"]
[Source "www.chesslib.no"]
[SourceDate "2004.05.04"]

1. e4 c5 2. Nf3 d6 3. d4 cxd4 4. Nxd4 Nf6 5. f3 e5 6. Bb5+ Nbd7 7. Nf5 d5 8. exd5 a6 9. Ba4 b5 10. Bb3 Nc5 11. Ne3 Nxb3 12. axb3 Bc5 13. Nc3 Bb7 14. Qd3 O-O 15. Bd2 Bxe3 16. Bxe3 Nxd5 17. Nxd5 1/2-1/2

[Event "Russia"]
[Site "?"]
[Date "2004.??.??"]
[Round "?"]
[White "Yandemirov, V."]
[Black "Sherbakov, R."]
[Result "1/2-1/2"]
[WhiteElo "2490"]
[BlackElo "2560"]
[PlyCount "54"]
[EventDate "2004.??.??"]
[Source "Chess Informant"]
[SourceDate "2004.02.01"]

1. e4 c5 2. Nf3 d6 3. d4 cxd4 4. Nxd4 Nf6 5. f3 e5 6. Bb5+ Nbd7 7. Nf5 d5 8. exd5 a6 9. Ba4 b5 10. Bb3 Nb6 11. Ne3 Bb7 12. Nc3 Bc5 13. Qd3 O-O 14. Ne4 Rc8 15. Nxc5 Rxc5 16. d6 e4 17. Qd4 Rh5 18. Bd2 exf3 19. O-O-O Nbd7 20. g4 Re5 21. Nf5 Re4 22. Qa7 Qa8 23. Qxa8 Rxa8 24. h3 Re2 25. Rhf1 Nc5 26. Bc3 Be4 27. Rd2 Nxb3+ 1/2-1/2

[Event "XI Festival"]
[Site "Voronezh RUS"]
[Date "2007.06.14"]
[Round "3"]
[White "Bryzgalin, K."]
[Black "Khismatullin, D."]
[Result "1-0"]
[WhiteElo "2475"]
[BlackElo "2570"]
[PlyCount "79"]
[EventDate "2007.06.12"]
[Source "www.chesslib.no"]
[SourceDate "2004.05.04"]

1. e4 c5 2. Nf3 d6 3. d4 cxd4 4. Nxd4 Nf6 5. f3 e5 6. Bb5+ Nbd7 7. Nf5 d5 8. exd5 a6 9. Ba4 b5 10. Bb3 Nc5 11. Ne3 Nxb3 12. axb3 Bc5 13. c4 Nh5 14. g3 Bh3 15. Nc3 f5 16. d6 Nf6 17. Ned5 Bxd6 18. Be3 O-O 19. Bb6 Qe8 20. c5 Be7 21. Nc7 Qc6 22. N3d5 Rae8 23. Nb4 Qb7 24. Nxe8 Rxe8 25. Rxa6 e4 26. Ra7 Qc8 27. Nd5 Qe6 28. Rxe7 Rxe7 29. Nxe7+ Kf7 30. f4 e3 31. Qd3 Qxe7 32. c6 Qe6 33. Bxe3 Qxc6 34. Rg1 h6 35. Bd4 Nd5 36. Kd2 Qd6 37. Re1 Qb4+ 38. Bc3 Qxb3 39. Re5 Ne7 40. Qd4 1-0

[Event "Summer"]
[Site "?"]
[Date "2005.08.07"]
[Round "2"]
[White "Leventic Ivan"]
[Black "Kovacevic Aleksandar"]
[Result "1/2-1/2"]
[WhiteElo "2490"]
[BlackElo "2537"]
[PlyCount "32"]
[EventDate "2005.??.??"]
[Source "www.chesslib.no"]
[SourceDate "2004.05.04"]

1. e4 c5 2. Nf3 d6 3. d4 cxd4 4. Nxd4 Nf6 5. f3 e5 6. Bb5+ Nbd7 7. Nf5 d5 8. exd5 a6 9. Ba4 b5 10. Bb3 Nb6 11. Ne3 Bb7 12. Nc3 Bc5 13. Qd3 O-O 14. Ne4 Rc8 15. Nxc5 Rxc5 16. O-O Nbxd5 1/2-1/2

[Event "Leeuwarden op"]
[Site "Leeuwarden"]
[Date "1997.??.??"]
[Round "4"]
[White "Bosch, Jeroen"]
[Black "Dvoirys, Semen I"]
[Result "0-1"]
[WhiteElo "2405"]
[BlackElo "2615"]
[PlyCount "84"]
[EventDate "1997.11.08"]
[Source "www.chesslib.no"]
[SourceDate "2004.05.04"]

1. e4 c5 2. Nf3 d6 3. d4 cxd4 4. Nxd4 Nf6 5. f3 e5 6. Bb5+ Nbd7 7. Nf5 a6 8. Bxd7+ Qxd7 9. Bg5 d5 10. Bxf6 gxf6 11. Nc3 Bb4 12. O-O Bxc3 13. bxc3 dxe4 14. fxe4 Qxd1 15. Raxd1 Be6 16. a4 b5 17. axb5 axb5 18. Ne3 Ke7 19. Nd5+ Bxd5 20. Rxd5 Rab8 21. Rfd1 Rhc8 22. Rd7+ Ke8 23. Ra7 Ra8 24. Rxa8 Rxa8 25. Kf2 Rc8 26. Rd3 Rc4 27. Re3 Ke7 28. Ke2 h5 29. Kd3 f5 30. exf5 Kf6 31. Re1 Kxf5 32. Rb1 Rg4 33. g3 h4 34. Rf1+ Ke6 35. Rg1 hxg3 36. hxg3 f5 37. Rb1 Rxg3+ 38. Kd2 Rg2+ 39. Kd3 e4+ 40. Kd4 Rd2+ 41. Ke3 Rxc2 42. Rb3 b4 0-1

[Event "Linares"]
[Site "?"]
[Date "1997.??.??"]
[Round "?"]
[White "Rodriguez, Andres"]
[Black "Herrera, I."]
[Result "1/2-1/2"]
[WhiteElo "2565"]
[BlackElo "2450"]
[PlyCount "84"]
[EventDate "1997.??.??"]
[Source "ChessBase"]
[SourceDate "1996.10.01"]

1. e4 c5 2. Nf3 d6 3. d4 cxd4 4. Nxd4 Nf6 5. f3 e5 6. Bb5+ Nbd7 7. Nf5 d5 8. exd5 a6 9. Ba4 b5 10. Bb3 Nb6 11. Ne3 Bb7 12. Nc3 Bc5 13. Qd3 O-O 14. Ne4 Rc8 15. Nxc5 Rxc5 16. O-O Nbxd5 17. Rd1 Qb6 18. Nxd5 Nxd5 19. Be3 Nxe3 20. Qxe3 Qc7 21. Rd2 e4 22. fxe4 Re5 23. Rd4 Qe7 24. Re1 Kh8 25. Bd5 Bxd5 26. Rxd5 Re8 27. Qd4 Rxd5 28. Qxd5 f6 29. h3 Qb4 30. Rb1 h6 31. c3 Qxe4 32. Qxe4 Rxe4 33. Kf2 Kh7 34. Rd1 Re6 35. Rd4 Kg6 36. b3 Kf5 37. c4 bxc4 38. bxc4 Rb6 39. Ke3 Rb2 40. c5 Rc2 41. Ra4 Rxc5 42. Rxa6 Rc3+ 1/2-1/2

[Event "SUI-chT SMM"]
[Site "SUI"]
[Date "2003.09.06"]
[Round "6"]
[White "Bellini, Fabio"]
[Black "King, Daniel"]
[Result "1-0"]
[WhiteElo "2503"]
[BlackElo "2506"]
[PlyCount "73"]
[EventDate "2003.??.??"]
[Source "Roberto Alvarez"]
[SourceDate "2003.10.13"]

1. e4 c5 2. Nf3 d6 3. d4 cxd4 4. Nxd4 Nf6 5. f3 e5 6. Bb5+ Nbd7 7. Nf5 d5 8. exd5 a6 9. Bxd7+ Qxd7 10. Ne3 Bc5 11. Nc3 O-O 12. O-O b5 13. Kh1 Bb7 14. Ne4 Nxe4 15. fxe4 Rac8 16. Nf5 f6 17. Qg4 Kh8 18. Qh4 g6 19. Nh6 Be7 20. Ng4 Qd6 21. Bh6 Rf7 22. Qg3 Kg8 23. Ne3 Qb4 24. Nf5 Qxe4 25. Nxe7+ Rxe7 26. Rxf6 Bxd5 27. Qf2 Bf7 28. Rf1 Qd5 29. Rxg6+ hxg6 30. Qf6 Be6 31. Qxg6+ Kh8 32. Qf6+ Kg8 33. Qg5+ Kh8 34. Qxe7 Rg8 35. Bg5 Rg6 36. Bf6+ Kg8 37. Qe8+ 1-0

[Event "56th ch-RUS"]
[Site "Krasnoyarsk"]
[Date "2003.09.10"]
[Round "7"]
[White "Yandemirov, Valeri"]
[Black "Zakharstov, Viacheslav V"]
[Result "1/2-1/2"]
[WhiteElo "2478"]
[BlackElo "2525"]
[PlyCount "60"]
[EventDate "2003.09.03"]
[Source "Roberto Alvarez"]
[SourceDate "2003.09.15"]

1. e4 c5 2. Nf3 d6 3. d4 cxd4 4. Nxd4 Nf6 5. f3 e5 6. Bb5+ Nbd7 7. Nf5 d5 8. exd5 a6 9. Ba4 b5 10. Bb3 Nc5 11. Ne3 Nxb3 12. axb3 Bb7 13. c4 Bc5 14. Nc3 O-O 15. Qd3 Qb6 16. Nc2 Rac8 17. Be3 Nd7 18. cxb5 axb5 19. b4 Bxe3 20. Qxe3 Qg6 21. Qf2 Nb6 22. Ne3 f5 23. O-O f4 24. Ng4 Nc4 25. Ra7 Ba8 26. Re1 Qd6 27. Nxb5 Qb8 28. Na3 Ne3 29. Re7 Nxd5 30. R7xe5 Qxb4 1/2-1/2

[Event "BL2-Ost 9900"]
[Site "Germany"]
[Date "2000.03.12"]
[Round "7.1"]
[White "Ioseliani, Nana"]
[Black "Womacka, Mathias"]
[Result "1/2-1/2"]
[WhiteElo "2500"]
[BlackElo "2480"]
[PlyCount "43"]
[EventDate "1999.10.??"]
[Source "ChessBase"]
[SourceDate "2000.05.11"]

1. e4 c5 2. Nf3 d6 3. d4 cxd4 4. Nxd4 Nf6 5. f3 e5 6. Bb5+ Nbd7 7. Nf5 d5 8. exd5 a6 9. Bxd7+ Qxd7 10. Ne3 b5 11. O-O Bc5 12. Nc3 O-O 13. Kh1 Bxe3 14. Bxe3 b4 15. Ne4 Nxd5 16. Bc5 Rd8 17. Qe1 Qc7 18. Rd1 Bf5 19. Bxb4 Nxb4 20. Qxb4 Qxc2 21. Rc1 Qd3 22. Nc3 1/2-1/2

[Event "Open"]
[Site "Cappelle la Grande"]
[Date "2003.02.28"]
[Round "8"]
[White "Shirazi, Kamran G"]
[Black "Vorobiov, Evgeny E"]
[Result "1/2-1/2"]
[WhiteElo "2438"]
[BlackElo "2541"]
[PlyCount "136"]
[EventDate "2003.02.22"]
[Source "Roberto Alvarez"]
[SourceDate "2003.03.03"]

1. e4 c5 2. Nf3 d6 3. d4 cxd4 4. Nxd4 Nf6 5. f3 e5 6. Bb5+ Nbd7 7. Nf5 d5 8. exd5 a6 9. Be2 Nb6 10. Ne3 Nbxd5 11. c4 Nf4 12. Qxd8+ Kxd8 13. Nc3 Bc5 14. Bf1 Bd7 15. Bd2 Bc6 16. O-O-O Kc7 17. Nc2 Rhd8 18. b4 Bf2 19. a4 b6 20. Bxf4 exf4 21. Bd3 a5 22. Nb5+ Kb7 23. Rhf1 Be3+ 24. Nxe3 fxe3 25. Rfe1 axb4 26. Rxe3 Rxa4 27. Bb1 Rxd1+ 28. Kxd1 Bxb5 29. cxb5 Ra1 30. Rb3 Nd5 31. Kd2 Kc7 32. Be4 Ra2+ 33. Ke1 Nc3 34. Bxh7 Rxg2 35. Rxb4 Kd6 36. Bd3 Nd5 37. Ra4 Rxh2 38. Ra7 Nf4 39. Bf1 f6 40. Rxg7 Rb2 41. Rf7 Ke5 42. Re7+ Kf5 43. Rb7 Nd5 44. Bc4 Ne3 45. Bd3+ Kf4 46. Rxb6 f5 47. Rb8 Nd5 48. Bc4 Ne3 49. Bd3 Nd5 50. Kd1 Kxf3 51. Kc1 Rb4 52. Bxf5 Ke3 53. Bh3 Kd4 54. Bf1 Ne3 55. Rd8+ Kc5 56. Rc8+ Kd4 57. Be2 Nd5 58. Kd2 Rb2+ 59. Ke1 Nf4 60. Rd8+ Kc5 61. Bf1 Rb1+ 62. Kf2 Rxf1+ 63. Kxf1 Kxb5 64. Kf2 Kc5 65. Ke3 Nd5+ 66. Ke4 Nc3+ 67. Kf5 Kc4 68. Ke5 Kb5 1/2-1/2

[Event "It (Open) Moscow RUS"]
[Site "?"]
[Date "2006.02.11"]
[Round "5"]
[White "Yandemirov Valeri"]
[Black "Negi Parimarjan"]
[Result "1-0"]
[WhiteElo "2520"]
[BlackElo "2445"]
[PlyCount "54"]
[EventDate "2006.??.??"]
[Source "www.chesslib.no"]
[SourceDate "2004.05.04"]

1. e4 c5 2. Nf3 d6 3. d4 cxd4 4. Nxd4 Nf6 5. f3 e5 6. Bb5+ Nbd7 7. Nf5 d5 8. exd5 a6 9. Ba4 b5 10. Bb3 Nb6 11. Ne3 Bc5 12. Nc3 O-O 13. Qd3 Bd4 14. Ne4 Nh5 15. c3 Nf4 16. Qc2 f5 17. cxd4 fxe4 18. Qxe4 exd4 19. Qxd4 Qh4+ 20. Kd1 Qh5 21. Qxb6 Nxg2 22. Rf1 Bh3 23. Nxg2 Bxg2 24. Rf2 Rxf3 25. Qe6+ Kh8 26. Rxg2 Rd3+ 27. Kc2 Qd1+ 1-0

[Event "Moscow Open"]
[Site "Moscow RUS"]
[Date "1995.??.??"]
[Round "9"]
[White "Bezgodov, Alexei"]
[Black "Vaulin, Alexander"]
[Result "1/2-1/2"]
[WhiteElo "2455"]
[BlackElo "2510"]
[PlyCount "34"]
[EventDate "1995.??.??"]
[Source "www.chesslib.no"]
[SourceDate "2004.05.04"]

1. e4 c5 2. Nf3 d6 3. d4 cxd4 4. Nxd4 Nf6 5. f3 e5 6. Bb5+ Nbd7 7. Nf5 d5 8. exd5 a6 9. Ba4 Qa5+ 10. Nc3 b5 11. Bb3 Nc5 12. Qe2 Nfd7 13. d6 Nxb3 14. cxb3 Bb7 15. Bd2 Qd8 16. O-O-O g6 17. Ne7 Bxe7 1/2-1/2

[Event "BL2-O 9596"]
[Site "GER"]
[Date "1996.??.??"]
[Round "?"]
[White "Ginsburg, Gennadij"]
[Black "Kuczynski, Robert"]
[Result "1/2-1/2"]
[WhiteElo "2460"]
[BlackElo "2495"]
[PlyCount "51"]
[EventDate "1995.10.??"]
[Source "www.chesslib.no"]
[SourceDate "2004.05.04"]

1. e4 c5 2. Nf3 d6 3. d4 cxd4 4. Nxd4 Nf6 5. f3 e5 6. Bb5+ Nbd7 7. Nf5 d5 8. exd5 a6 9. Bxd7+ Qxd7 10. Ne3 b5 11. a4 Bb7 12. axb5 axb5 13. Rxa8+ Bxa8 14. O-O Bc5 15. Kh1 O-O 16. Nc3 Bxe3 17. Bxe3 Nxd5 18. Qd3 Qc6 19. Nxd5 Qxd5 20. Qxd5 Bxd5 21. Rd1 Bc6 22. Kg1 f6 23. Rd6 Rc8 24. c3 Kf7 25. Kf2 Be8 26. Ke2 1/2-1/2

[Event "BL2-Ost 9900"]
[Site "Germany"]
[Date "2000.01.30"]
[Round "5.1"]
[White "Ginsburg, Gennadij"]
[Black "Womacka, Mathias"]
[Result "1-0"]
[WhiteElo "2475"]
[BlackElo "2480"]
[PlyCount "81"]
[EventDate "1999.10.??"]
[Source "ChessBase"]
[SourceDate "2000.03.10"]

1. e4 c5 2. Nf3 d6 3. d4 cxd4 4. Nxd4 Nf6 5. f3 e5 6. Bb5+ Nbd7 7. Nf5 d5 8. exd5 a6 9. Ba4 b5 10. Bb3 Nb6 11. Ne3 Bb7 12. Nc3 Bc5 13. Qd3 O-O 14. Ne4 Bxe3 15. Bxe3 Nfxd5 16. Bc5 Re8 17. O-O-O Bc6 18. Bxb6 Nxb6 19. Qxd8 Rexd8 20. Nd6 Rd7 21. Rhe1 Kf8 22. Nxf7 Rxf7 23. Bxf7 Kxf7 24. Rxe5 Rc8 25. b3 Rc7 26. Rd6 Nd7 27. Re3 Nb8 28. Rd8 Nd7 29. Rc3 Ke7 30. Ra8 Bxa8 31. Rxc7 Kd6 32. Ra7 Bc6 33. c3 g5 34. Kd2 h5 35. Ke3 Nc5 36. b4 Na4 37. Kd4 g4 38. fxg4 hxg4 39. Rg7 Bxg2 40. Rxg4 Bc6 41. Rg6+ 1-0

[Event "Balatonbereny"]
[Site "Balatonbereny"]
[Date "1996.??.??"]
[Round "3"]
[White "Wach, Markus"]
[Black "Dao Thien Hai"]
[Result "1/2-1/2"]
[WhiteElo "2380"]
[BlackElo "2560"]
[PlyCount "128"]
[EventDate "1996.06.13"]
[Source "ChessBase"]

1. e4 c5 2. Nf3 d6 3. d4 cxd4 4. Nxd4 Nf6 5. f3 e5 6. Bb5+ Bd7 7. Bxd7+ Qxd7 8. Nf5 d5 9. Bg5 dxe4 10. Bxf6 Qxd1+ 11. Kxd1 gxf6 12. fxe4 Nc6 13. c3 Rg8 14. g3 Rd8+ 15. Ke2 Ne7 16. Nd2 Nxf5 17. exf5 Rg4 18. Kf3 Ra4 19. Ne4 Be7 20. a3 Rd3+ 21. Ke2 Rd8 22. Ke3 Rc8 23. Rhd1 h5 24. b3 Ra6 25. a4 Rb6 26. Rab1 Rbc6 27. Rd3 Rb6 28. Kd2 Rc4 29. a5 Rb5 30. bxc4 Rxb1 31. Rd5 a6 32. h4 Rb2+ 33. Ke3 Rb1 34. Kf3 Rf1+ 35. Kg2 Re1 36. Nd6+ Bxd6 37. Rxd6 Ra1 38. Rxf6 Rxa5 39. Rb6 Rc5 40. Rxb7 Rxc4 41. f6 Rc6 42. Re7+ Kf8 43. Rxe5 Rxf6 44. Rxh5 Rc6 45. Ra5 Rxc3 46. Rxa6 Kg7 47. Ra5 Kg6 48. Rg5+ Kh6 49. Kh3 f6 50. Ra5 Kg6 51. h5+ Kh6 52. Kh4 Rc4+ 53. g4 Kg7 54. Kg3 Rb4 55. Ra7+ Kg8 56. h6 Rc4 57. Rg7+ Kf8 58. Ra7 Kg8 59. h7+ Kh8 60. Rf7 f5 61. Rxf5 Kxh7 62. Rf6 Kg7 63. Ra6 Rc7 64. Kh4 Rc5 1/2-1/2

[Event "Chigorin Mem Open, St Petersburg RUS"]
[Site "?"]
[Date "2001.??.??"]
[Round "2"]
[White "Shaposhnikov, E."]
[Black "Dzhakaev, D."]
[Result "0-1"]
[WhiteElo "2540"]
[BlackElo "2400"]
[PlyCount "76"]
[EventDate "2001.??.??"]
[Source "www.chesslib.no"]
[SourceDate "2004.05.04"]

1. e4 c5 2. Nf3 d6 3. d4 cxd4 4. Nxd4 Nf6 5. f3 e5 6. Bb5+ Nbd7 7. Nf5 d5 8. exd5 a6 9. Ba4 b5 10. Bb3 Nc5 11. Ne3 Nxb3 12. axb3 Bc5 13. c4 Nh5 14. g3 O-O 15. Nc3 Qb6 16. Qe2 Bd7 17. Bd2 f5 18. Nc2 bxc4 19. b4 Bd4 20. f4 Nf6 21. fxe5 Bxe5 22. O-O-O Rfe8 23. Qxc4 Rec8 24. Qb3 a5 25. Rhe1 Ne4 26. Be3 Qf6 27. Nxe4 fxe4 28. Rf1 Qg6 29. bxa5 Rxa5 30. d6+ Kh8 31. Kb1 Rb5 32. Nb4 h6 33. Rd5 Qe6 34. Rfd1 Rcb8 35. Rxb5 Qxb3 36. Rxb8+ Kh7 37. Rd2 Qxe3 38. Kc1 Bxd6 0-1

[Event "Cannes op 18th"]
[Site "Cannes"]
[Date "1997.??.??"]
[Round "1"]
[White "Borgo, Giulio"]
[Black "Gallagher, Joseph G"]
[Result "1/2-1/2"]
[WhiteElo "2390"]
[BlackElo "2545"]
[PlyCount "129"]
[EventDate "1997.02.22"]
[Source "ChessBase"]

1. e4 c5 2. Nf3 d6 3. d4 cxd4 4. Nxd4 Nf6 5. f3 e5 6. Bb5+ Nbd7 7. Nf5 a6 8. Bxd7+ Qxd7 9. Bg5 d5 10. Bxf6 gxf6 11. Nd2 Qd8 12. c4 dxe4 13. fxe4 Bxf5 14. exf5 Qd4 15. Qa4+ b5 16. Qc2 Qe3+ 17. Kf1 Qf4+ 18. Nf3 Rc8 19. b3 Bb4 20. a3 Be7 21. Re1 bxc4 22. Re4 Qxf5 23. bxc4 Rg8 24. h3 Kf8 25. Qe2 h5 26. g4 hxg4 27. hxg4 Rxg4 28. Rxg4 Qxg4 29. Rh4 Qf5 30. Qg2 Ke8 31. Qe2 Rd8 32. Re4 Bc5 33. a4 Rd1+ 34. Qxd1 Qxe4 35. Qb3 Kf8 36. Ne1 Qf4+ 37. Ke2 e4 38. Qh3 Qf2+ 39. Kd1 Qd4+ 40. Kc1 Qxc4+ 41. Nc2 Qe6 42. Qh8+ Ke7 43. Qa8 f5 44. Qb7+ Kf8 45. Qc7 Be7 46. Nd4 Qh6+ 47. Kc2 Qf6 48. Qc8+ Kg7 49. Nxf5+ Kg6 50. Nxe7+ Qxe7 51. Qxa6+ Kg5 52. Qc6 f5 53. a5 f4 54. a6 f3 55. a7 Qxa7 56. Qd5+ Kf4 57. Qd6+ Kg4 58. Qg6+ Kh3 59. Qh5+ Kg3 60. Qg6+ Kf4 61. Qf6+ Ke3 62. Qc3+ Ke2 63. Qd2+ Kf1 64. Qc1+ Kg2 65. Qg5+ 1/2-1/2

[Event "Ekblom Memorial"]
[Site "Ekblom Mem"]
[Date "1996.??.??"]
[Round "?"]
[White "Kluegel, Jens Uwe"]
[Black "Rhode, Hermann"]
[Result "1-0"]
[WhiteElo "2535"]
[BlackElo "2395"]
[PlyCount "87"]
[EventDate "1996.??.??"]
[Source "www.chesslib.no"]
[SourceDate "2004.05.04"]

1. e4 c5 2. Nf3 d6 3. d4 cxd4 4. Nxd4 Nf6 5. f3 e5 6. Bb5+ Nbd7 7. Nf5 d5 8. exd5 a6 9. Ba4 b5 10. Bb3 Nb6 11. Ne3 Bb7 12. a4 bxa4 13. Bxa4+ Nxa4 14. Rxa4 Nxd5 15. Nxd5 Qxd5 16. Qxd5 Bxd5 17. Nc3 Bc6 18. Rc4 Bb5 19. Rc7 Bd6 20. Nxb5 axb5 21. Rb7 b4 22. Ke2 Rc8 23. Kd3 O-O 24. Rd7 Rc6 25. Bd2 Rfc8 26. Ra1 Bc5 27. c3 bxc3 28. Bxc3 f6 29. b4 Bb6 30. Ra3 Rb8 31. b5 Rc5 32. Rb3 Rcc8 33. h3 Rd8 34. Rxd8+ Rxd8+ 35. Kc4 Rc8+ 36. Kd5 Kf7 37. Bd2 Rc2 38. Be3 Bxe3 39. Rxe3 Ke7 40. g4 Kd7 41. Ra3 Rd2+ 42. Kc5 Rc2+ 43. Kb6 h6 44. Ka6 1-0

[Event "Jubilaumsturnier "]
[Site "?"]
[Date "1990.??.??"]
[Round "?"]
[White "Sarink, Hb"]
[Black "Keller, H."]
[Result "0-1"]
[WhiteElo "2365"]
[BlackElo "2560"]
[PlyCount "74"]
[EventDate "1990.??.??"]
[Source "www.chesslib.no"]
[SourceDate "2004.05.04"]

1. e4 c5 2. Nf3 d6 3. d4 cxd4 4. Nxd4 Nf6 5. f3 e5 6. Bb5+ Nbd7 7. Nf5 d5 8. exd5 a6 9. Ba4 b5 10. Bb3 Nc5 11. Ne3 Bd6 12. O-O O-O 13. Nc3 Bd7 14. Ne2 Qc7 15. g3 Nh5 16. Ng2 f5 17. f4 Rae8 18. c3 Nf6 19. fxe5 Rxe5 20. Nef4 Rfe8 21. Bc2 Kh8 22. Re1 Rxe1+ 23. Nxe1 g5 24. Nfg2 f4 25. Nf3 Nce4 26. Bxe4 Nxe4 27. gxf4 gxf4 28. h4 Bg4 29. Qd4+ Kg8 30. Qd3 Qb6+ 31. Nd4 f3 32. Nf4 Ng3 33. Nfe6 Ne2+ 34. Kh1 Rxe6 35. Be3 Re5 36. a4 Qd8 37. Bf2 Rh5 0-1

[Event "EU-chT (Men)"]
[Site "Debrecen"]
[Date "1992.??.??"]
[Round "6"]
[White "Zhuravliov, Valerij"]
[Black "Gazik, Igor"]
[Result "1/2-1/2"]
[WhiteElo "2485"]
[BlackElo "2435"]
[PlyCount "39"]
[EventDate "1992.11.??"]
[Source "ChessBase"]

1. e4 c5 2. Nf3 d6 3. d4 cxd4 4. Nxd4 Nf6 5. f3 e5 6. Bb5+ Nbd7 7. Nf5 d5 8. exd5 a6 9. Bxd7+ Qxd7 10. Ne3 b5 11. c4 Bc5 12. Nc3 O-O 13. Ne4 Nxe4 14. fxe4 Qa7 15. Qf3 f5 16. exf5 bxc4 17. g4 g6 18. Qe4 gxf5 19. gxf5 Bd4 20. Rf1 1/2-1/2

[Event "Rosario"]
[Site "Rosario"]
[Date "1996.??.??"]
[Round "4"]
[White "Rodriguez, Andres"]
[Black "Serafino, Dario"]
[Result "1-0"]
[WhiteElo "2575"]
[BlackElo "2325"]
[PlyCount "79"]
[EventDate "1996.??.??"]
[Source "ChessBase"]

1. e4 c5 2. Nf3 d6 3. d4 cxd4 4. Nxd4 Nf6 5. f3 e5 6. Bb5+ Bd7 7. Bxd7+ Qxd7 8. Nf5 d5 9. Bg5 dxe4 10. Bxf6 Qxd1+ 11. Kxd1 gxf6 12. fxe4 Nd7 13. Nd2 O-O-O 14. c3 Nc5 15. Kc2 Rg8 16. g3 Rg4 17. Rae1 b5 18. Rhf1 Rg8 19. Rf3 Nd7 20. Rd3 Nc5 21. Rxd8+ Kxd8 22. Nb3 Nd7 23. Rd1 Rg4 24. Kd3 Nb6 25. Ke3+ Kc7 26. Kf3 Rg8 27. Ne3 Bd6 28. Nd5+ Nxd5 29. Rxd5 a6 30. c4 bxc4 31. Na5 Be7 32. Nxc4 Kc6 33. Ra5 Bc5 34. b3 Ra8 35. Kg4 Be7 36. Ne3 Kb6 37. Ra4 Rg8+ 38. Kf3 Re8 39. Nd5+ Kb7 40. Rxa6 1-0

[Event "Elenite-B"]
[Site "Elenite"]
[Date "1994.??.??"]
[Round "9"]
[White "Manolov, Ivan"]
[Black "Sakaev, Konstantin"]
[Result "0-1"]
[WhiteElo "2345"]
[BlackElo "2555"]
[PlyCount "125"]
[EventDate "1994.??.??"]
[Source "ChessBase"]

1. e4 c5 2. Nf3 d6 3. d4 cxd4 4. Nxd4 Nf6 5. f3 e5 6. Bb5+ Nbd7 7. Nf5 d5 8. exd5 a6 9. Bxd7+ Qxd7 10. Ne3 b5 11. O-O Bb7 12. Nc3 b4 13. Ne4 Nxd5 14. Nxd5 Bxd5 15. Nf2 Bc5 16. Qe2 O-O 17. Be3 Be7 18. Nd3 f6 19. Bc5 Bxc5+ 20. Nxc5 Qa7 21. Qf2 Rac8 22. Nd3 Qb7 23. a3 bxa3 24. Rxa3 Rfd8 25. b3 e4 26. fxe4 Bxe4 27. Ne1 f5 28. Ra4 Rd6 29. Rd4 Rdc6 30. Rd2 a5 31. Qd4 h6 32. Rff2 Rc5 33. Qd6 Kh7 34. h3 R8c6 35. Qf8 Rc8 36. Qd6 R5c6 37. Qd4 Qb8 38. Qa1 Qa7 39. Qd4 Qc7 40. Qa1 Rc3 41. Qd1 Qc5 42. Rd7 Re3 43. Qa1 Rc3 44. Qd1 Rc7 45. Rd8 Re3 46. Rdd2 Re7 47. Kh2 Qe5+ 48. Kg1 Qc5 49. Kh2 Qc7+ 50. Kg1 Qg3 51. Rf1 f4 52. Rdf2 Rxe1 53. Qxe1 Bxg2 54. Rxg2 Qxe1 55. Rxe1 Rxe1+ 56. Kf2 Rh1 57. Kf3 g5 58. Rd2 Rxh3+ 59. Kg4 Rc3 60. Rd7+ Kg6 61. Rd6+ Kg7 62. b4 axb4 63. Rg6+ 0-1

[Event "57th ch-RUS Qualifier"]
[Site "Tomsk"]
[Date "2004.05.30"]
[Round "8"]
[White "Yandemirov, Valeri"]
[Black "Gajsin, Evgenij"]
[Result "0-1"]
[WhiteElo "2494"]
[BlackElo "2404"]
[PlyCount "94"]
[EventDate "2004.05.23"]
[Source "Roberto Alvarez"]
[SourceDate "2004.05.31"]

1. e4 c5 2. Nf3 d6 3. d4 cxd4 4. Nxd4 Nf6 5. f3 e5 6. Bb5+ Nbd7 7. Nf5 d5 8. exd5 a6 9. Ba4 b5 10. Bb3 Nc5 11. Ne3 Nxb3 12. axb3 Bc5 13. c4 Nh5 14. g3 O-O 15. Nc3 f5 16. Qe2 Nf4 17. gxf4 exf4 18. Nxf5 Bxf5 19. Bxf4 b4 20. Nd1 Re8 21. Be5 Qh4+ 22. Kd2 Bd4 23. f4 Bxe5 24. fxe5 Qd4+ 25. Kc1 Rxe5 26. Qd2 Qxd2+ 27. Kxd2 Rae8 28. Nc3 bxc3+ 29. Kxc3 Re3+ 30. Kb4 Rb8+ 31. Kc5 Rc8+ 32. Kd6 Rxb3 33. c5 g6 34. Rxa6 Rd8+ 35. Kc6 Be4 36. Rd1 Rxb2 37. Rd4 Bg2 38. h4 Rbb8 39. Ra2 Bxd5+ 40. Rxd5 Rbc8+ 41. Kb7 Rxd5 42. Kxc8 Rxc5+ 43. Kd7 Kg7 44. Ke6 Rf5 45. Ra7+ Kh6 46. Rc7 Rf1 47. h5 g5 0-1

[Event "Open"]
[Site "Vladimir"]
[Date "2004.08.18"]
[Round "1"]
[White "Shaposhnikov, Evgeny"]
[Black "Kotov, Viktor"]
[Result "1/2-1/2"]
[WhiteElo "2563"]
[BlackElo "2332"]
[PlyCount "119"]
[EventDate "2004.08.18"]
[Source "Roberto Alvarez"]
[SourceDate "2004.09.21"]

1. e4 c5 2. Nf3 d6 3. d4 cxd4 4. Nxd4 Nf6 5. f3 e5 6. Bb5+ Bd7 7. Bxd7+ Nbxd7 8. Nf5 d5 9. exd5 Nb6 10. Bg5 Qxd5 11. Bxf6 Qxd1+ 12. Kxd1 gxf6 13. Ke2 O-O-O 14. Nc3 Nc4 15. Rad1 Rxd1 16. Nxd1 Bc5 17. b3 Na3 18. c3 Rd8 19. Nde3 Nb5 20. Rc1 Bxe3 21. Nxe3 Rd6 22. a4 Nc7 23. g3 Ne6 24. b4 Ng7 25. Nc4 Rc6 26. Kd3 Kd7 27. Re1 Ne6 28. Ne3 Nc7 29. c4 a5 30. b5 Rd6+ 31. Kc3 Ke6 32. f4 e4 33. g4 Rd3+ 34. Kc2 Kd6 35. Nf5+ Kc5 36. Ng3 Rf3 37. Nxe4+ Kd4 38. f5 Rf4 39. Nd2 Na8 40. Re7 Nb6 41. Rxb7 Nxc4 42. Rd7+ Ke5 43. Nxc4+ Rxc4+ 44. Kb3 Rxg4 45. Rxf7 h5 46. Ra7 Rb4+ 47. Ka3 Kd4 48. Rxa5 Kc3 49. b6 Rb3+ 50. Ka2 Rb2+ 51. Ka1 Rxb6 52. Ra8 Kc2 53. a5 Rb4 54. Rc8+ Kd3 55. Rc5 Ra4+ 56. Kb2 Kd4 57. Rb5 Kc4 58. Rb6 Rxa5 59. Rxf6 Kd4 60. Rb6 1/2-1/2

[Event "8th Open"]
[Site "Voronezh"]
[Date "2004.06.16"]
[Round "5"]
[White "Yandemirov, Valeri"]
[Black "Arakelov, Ilya"]
[Result "1/2-1/2"]
[WhiteElo "2494"]
[BlackElo "2401"]
[PlyCount "99"]
[EventDate "2004.06.12"]
[Source "Roberto Alvarez"]
[SourceDate "2004.07.05"]

1. e4 c5 2. Nf3 d6 3. d4 cxd4 4. Nxd4 Nf6 5. f3 e5 6. Bb5+ Bd7 7. Bxd7+ Qxd7 8. Nf5 d5 9. Bg5 dxe4 10. Bxf6 Qxd1+ 11. Kxd1 gxf6 12. fxe4 Nc6 13. c3 O-O-O+ 14. Nd2 Ne7 15. Kc2 h5 16. g3 Nxf5 17. exf5 h4 18. Ne4 Be7 19. Rad1 Rxd1 20. Rxd1 hxg3 21. hxg3 Rh5 22. Rf1 Rh2+ 23. Rf2 Rh1 24. Kd3 Kc7 25. Ke2 Ra1 26. a3 Rb1 27. Kd3 Rh1 28. a4 Kc6 29. Re2 Rf1 30. Rh2 Rxf5 31. Rh7 Kd5 32. c4+ Ke6 33. Ke2 a5 34. Rh8 Kd7 35. Rb8 Kc7 36. Re8 Kd7 37. Rh8 Bb4 38. Rb8 Kc7 39. Rh8 Kd7 40. b3 Be7 41. Rb8 Kc7 42. Re8 Kd7 43. Rh8 Bb4 44. c5 Kc6 45. Rd8 Ba3 46. Rc8+ Kd5 47. Nc3+ Ke6 48. Ne4 Kd5 49. Nc3+ Ke6 50. Ne4 1/2-1/2